• 首页
  • 本馆介绍
  • 公告通知
  • 最新文献
  • 馆藏检索
  • 电子资源
  • 读者导购
  • 参考咨询
  • 我的图书馆
  • 登录
  • 详细信息显示
  • 放入我的书架
  • 预约/预借图书
  • 作者相关作品
  • 分类相关作品
  • 丛书相关作品
  • 出版社相关作品

书目信息

  • 表格格式
  • 工作单格式
  • 卡片格式
题名:
经济岛上的挑战
    
 
作者: 王凌皓 , 高英彤 , 王凌皓 , 高英彤 著
分册:  
出版信息: 长春   吉林人民出版社  2005
页数: 294页
开本: 20cm
丛书名: 当代资本主义研究丛书
单 册:
中图分类: D509
科图分类:
主题词: 政治--概况--日本 , 经济--概况--日本 , 国际政治 , 经济
电子资源:
ISBN: 7-206-02940-X
000 01182oam2 2200361 45
001 0120066006460
005 20070106153913.87
010    @a7-206-02940-X@dCNY23.10
092    @aCN@b475156
100    @a20060613d2005 em y0chiy0120 ea
101 0  @achi
102    @aCN@b220000
105    @ay z 000yy
200 1  @a经济岛上的挑战@9jing ji dao shang de tiao zhan@e日本的政治大国情结@f王凌皓,高英彤著@Fwang ling hao,gao ying tong zhu
205    @a2版
210    @a长春@c吉林人民出版社@d2005
215    @a294页@d20cm
225 2  @a当代资本主义研究丛书
320    @a有书目(第292页~294页)
330    @a本书分为10章“反思,反思!上个世纪及世纪之交日本在干什么?”,“改造日本:一条扭曲之路”等。
461  0 @12001 @a当代资本主义研究丛书
517 1  @a日本的政治大国情结@9ri ben de zheng zhi da guo qing jie
606 0  @a政治@x概况@y日本
606 0  @a经济@x概况@y日本
606 0  @a国际政治
606 0  @a经济
690    @aD509@v4
701  0 @a王凌皓@9wang ling hao@4著
701  0 @a高英彤@9gao ying tong@4著
701  0 @a王凌皓@Awang ling hao@4著
701  0 @a高英彤@Agao ying tong@4著
801  0 @aCN@bLZJBOOK@c20070106
905    @a10447@dD509@e79:4=2
    
    经济岛上的挑战:日本的政治大国情结/王凌皓,高英彤著.-2版.-长春:吉林人民出版社,2005
    294页;20cm.-(当代资本主义研究丛书)
    
    
    ISBN 7-206-02940-X:CNY23.10
    本书分为10章“反思,反思!上个世纪及世纪之交日本在干什么?”,“改造日本:一条扭曲之路”等。
●
相关链接 在E读中查询图书 在五车中查询图书 在当当中查询图书 在豆瓣中查询图书


正题名:经济岛上的挑战     索取号:D509/79:4=2         预约/预借

序号 登录号 条形码 馆藏地/架位号 状态 备注
1 0559879   205598799   第一样本阅览室/ [索取号:D509/79:4=2] 在馆    
2 0559880   205598806   第一借阅区/ [索取号:D509/79:4=2] 在馆    
3 0559881   205598815   密集书库/ [索取号:D509/79:4=2] 在馆    
4 0559882   205598824   第一借阅区/ [索取号:D509/79:4=2] 在馆    
5 0559883   205598833   密集书库/ [索取号:D509/79:4=2] 在馆    
6 0559884   205598842   第一借阅区/ [索取号:D509/79:4=2] 在馆    
7 0559885   205598851   密集书库/ [索取号:D509/79:4=2] 在馆    
8 0559886   205598860   第一借阅区/ [索取号:D509/79:4=2] 在馆    
唐山师范学院图书馆 欢迎您!
大连网信软件有限公司© 版权所有